Tales from Indian Classics-1 (Record no. 197447)

MARC details
000 -LEADER
fixed length control field 00365nam a22001457a 4500
008 - FIXED-LENGTH DATA ELEMENTS--GENERAL INFORMATION
fixed length control field 230823b ||||| |||| 00| 0 eng d
082 ## - DEWEY DECIMAL CLASSIFICATION NUMBER
Classification number S-SAV
100 ## - MAIN ENTRY--PERSONAL NAME
Personal name Savitri
245 ## - TITLE STATEMENT
Title Tales from Indian Classics-1
Medium English
260 ## - PUBLICATION, DISTRIBUTION, ETC. (IMPRINT)
Place of publication, distribution, etc Delhi
Name of publisher, distributor, etc A.I.C.B.
Date of publication, distribution, etc Rohini
270 ## - ADDRESS
Address A.I.C.B. Rohini, Delhi
300 ## - PHYSICAL DESCRIPTION
Extent 12x13
490 ## - SERIES STATEMENT
Volume number/sequential designation 1
942 ## - ADDED ENTRY ELEMENTS (KOHA)
Source of classification or shelving scheme Dewey Decimal Classification
Item type Braille-Books-English
Call number prefix S
Call number suffix SAV
Holdings
Withdrawn status Lost status Not for loan Home library Current library Date acquired Cost, normal purchase price Full call number Barcode Koha item type
      Braille-Library Braille-Library 23/08/2023 158.00 S-SAV BR-004367 Braille-Books-English
      Braille-Library Braille-Library 23/08/2023 158.00 S-SAV BR-004368 Braille-Books-English

© Delhi Public Library
Hit Counter
free hit counter